Zgadni flagę kraju po opisie - Statystyki

Ogólne statystyki
  • Ten quiz został rozwiązany 163 razy
    152 od ostatniego zresetowania
  • Średni wynik to 4 z 15
Statystyki odpowiedzi
Opis Flaga P. % Poprawnych
Flaga ma siedem pasków czerwonych a w górnym lewym rogu się znajduje 50 gwiazd. USA
65%
Flaga ma żółte koło na środku a tło jest czerwone. Ma też promienie. Macedonia
60%
Flaga przedstawia morze z mewą pod słońcem. Kiribati
48%
Flagę ma tą samą flagę co Jemen tylko że z Złotym Orłem Egipt
44%
Flaga państwa ma flagę Indii ale na środku jest pomarańczowe koło. Niger
35%
Flaga ma na środku Świątynia"Angkor Wat" a kolory to: Biały, Czerwony i Niebieski. Kambodża
31%
Flaga ma obrys terenów państwa na niebieskim tle z kilkoma gwiazdami. Kosowo
31%
Tło flagi jest czerwone a na środku ma Żółty znak. Kirgistan
26%
Flaga państwa jest położona pozioma z kolorami: Biały, Czarny, Niebieski. Estonia
22%
Flaga państwa ma tą samą flagę z Afryki. Rumunia
22%
Flaga ma na środku zielone drzewo i tło z dwoma kolorami: Biały i Czerwony. Liban
16%
Flaga na środku ma strusia z tłem flag Niemiec. Uganda
16%
Flaga ma na środku Żółtą gwiazdę na tle z kolorami Czerwieni i Zieleni. Burkina Faso
8%
Flaga ma flagę wielkiej Brytanii na jasnoniebieksim tłem z 11 gwiazdami. Tuvalu
5%
Flaga ma Zielone z małą kolumną z kolorami: Zielony, Czarny i pomarańczowy z Pomarańczowym Orłem. Zambia
5%
Nie znaleziono quizów pasujących do podanych kryteriów
Rozkład punktacji
Procent ludzi z każdym wynikiem
Percentyl według liczby udzielonych odpowiedzi
Twoja historia wyników
Nie rozwiązałeś tego quizu od ostatniego zresetowania